ბათუმის შოთა რუსთაველის სახელმწიფო უნივერსიტეტის ბიბლიოთეკა

მხაზველობითი გეომეტრია. (ბიბ.ჩანაწერი № 35335)

000 -LEADER
fixed length control field 00833nam a2200217Ia 4500
001 - CONTROL NUMBER
control field 1187
003 - CONTROL NUMBER IDENTIFIER
control field GE_BSU
008 - FIXED-LENGTH DATA ELEMENTS--GENERAL INFORMATION
fixed length control field 181216s||||||||xx |||||||||||||| ||und||
040 ## - CATALOGING SOURCE
Transcribing agency GE_BSU
080 ## - UNIVERSAL DECIMAL CLASSIFICATION NUMBER
Universal Decimal Classification number 514(07)
245 ## - TITLE STATEMENT
Title მხაზველობითი გეომეტრია.
245 ## - TITLE STATEMENT
Remainder of title პროგრამა ტიპიური ამოცანები, საკონტროლო მოცემულებები და მეთოდური მითითებანი.
260 ## - PUBLICATION, DISTRIBUTION, ETC.
Place of publication, distribution, etc. თბილისი
260 ## - PUBLICATION, DISTRIBUTION, ETC.
Name of publisher, distributor, etc. საქ–ს სას–სამ.ინ–ტი
260 ## - PUBLICATION, DISTRIBUTION, ETC.
Date of publication, distribution, etc. 1983
300 ## - PHYSICAL DESCRIPTION
Extent 79 გვ.19 სმ.
653 ## - INDEX TERM--UNCONTROLLED
Uncontrolled term მათემატიკა
653 ## - INDEX TERM--UNCONTROLLED
Uncontrolled term მხაზველობითი გეომეტრია
942 ## - ADDED ENTRY ELEMENTS (KOHA)
Koha item type წიგნი
ეგზემპლარები
Withdrawn status Lost status Damaged status Not for loan Date acquired Barcode Date last seen Price effective from Koha item type
        2018-12-17 2848 2018-12-17 2018-12-17 წიგნი